Folly / (Record no. 589217)
[ view plain ]
| 000 -LEADER | |
|---|---|
| fixed length control field | 01039pam a2200313 a 4500 |
| 020 ## - INTERNATIONAL STANDARD BOOK NUMBER | |
| International Standard Book Number | 1558610782 (cloth : acidfree paper) : |
| Terms of availability | $29.95 |
| 020 ## - INTERNATIONAL STANDARD BOOK NUMBER | |
| International Standard Book Number | 1558610790 (paper : acidfree paper) : |
| Terms of availability | $12.95 |
| 082 00 - DEWEY DECIMAL CLASSIFICATION NUMBER | |
| Classification number | 813.54 |
| 100 1# - MAIN ENTRY--PERSONAL NAME | |
| Personal name | Brady, Maureen. |
| 245 10 - TITLE STATEMENT | |
| Title | Folly / |
| Statement of responsibility, etc. | by Maureen Brady ; afterword by Bonnie Zimmerman. |
| 260 ## - PUBLICATION, DISTRIBUTION, ETC. | |
| Place of publication, distribution, etc. | New York : |
| Name of publisher, distributor, etc. | Feminist Press at the City University of New York, |
| Date of publication, distribution, etc. | 1994. |
| 300 ## - PHYSICAL DESCRIPTION | |
| Extent | 215 p. ; |
| Dimensions | 23 cm. |
| 504 ## - BIBLIOGRAPHY, ETC. NOTE | |
| Bibliography, etc. note | Includes bibliographical references (p. 214-215). |
| 563 ## - BINDING INFORMATION | |
| Binding note | P.B |
| 650 #0 - SUBJECT ADDED ENTRY--TOPICAL TERM | |
| Topical term or geographic name entry element | Women |
| 650 #0 - SUBJECT ADDED ENTRY--TOPICAL TERM | |
| Topical term or geographic name entry element | Strikes and lockouts |
| 650 #0 - SUBJECT ADDED ENTRY--TOPICAL TERM | |
| Topical term or geographic name entry element | Women textile workers |
| 650 #0 - SUBJECT ADDED ENTRY--TOPICAL TERM | |
| Topical term or geographic name entry element | Mothers and daughters |
| 650 #0 - SUBJECT ADDED ENTRY--TOPICAL TERM | |
| Topical term or geographic name entry element | Textile industry |
| 942 ## - ADDED ENTRY ELEMENTS (KOHA) | |
| Source of classification or shelving scheme | |
| Koha item type | Book |
| 650 #0 - SUBJECT ADDED ENTRY--TOPICAL TERM | |
| -- | 91018 |
| 650 #0 - SUBJECT ADDED ENTRY--TOPICAL TERM | |
| -- | 91019 |
| 650 #0 - SUBJECT ADDED ENTRY--TOPICAL TERM | |
| -- | 56199 |
| 650 #0 - SUBJECT ADDED ENTRY--TOPICAL TERM | |
| -- | 11798 |
| 650 #0 - SUBJECT ADDED ENTRY--TOPICAL TERM | |
| -- | 91020 |
| 650 #0 - SUBJECT ADDED ENTRY--TOPICAL TERM | |
| -- | 3172 |
| 650 #0 - SUBJECT ADDED ENTRY--TOPICAL TERM | |
| -- | 3172 |
| 650 #0 - SUBJECT ADDED ENTRY--TOPICAL TERM | |
| -- | 3172 |
| 650 #0 - SUBJECT ADDED ENTRY--TOPICAL TERM | |
| -- | 3172 |
| Withdrawn status | Lost status | Source of classification or shelving scheme | Damaged status | Not for loan | Permanent Location | Current Location | Date acquired | Total Checkouts | Full call number | Barcode | Date last seen | Price effective from | Koha item type |
|---|---|---|---|---|---|---|---|---|---|---|---|---|---|
| Central Library (CL) | Central Library (CL) | 04/19/2022 | 813.54 BRA | CL-D-1675 | 04/19/2022 | 04/19/2022 | Book |
